Carry Your Little Flute (Record no. 201868)

MARC details
000 -LEADER
fixed length control field 00593nam a22001937a 4500
005 - DATE AND TIME OF LATEST TRANSACTION
control field 20240405161051.0
010 ## - LCCN (DPL NO)
LC control number ENG-140005
020 ## - INTERNATIONAL STANDARD BOOK NUMBER
International Standard Book Number 9788194181910
Terms of availability 250.00
035 ## - SYSTEM CONTROL NUMBER
System control number EN-123537
037 ## - SOURCE OF ACQUISITION
Source of stock number/acquisition DBAD/PUB
082 ## - DEWEY DECIMAL CLASSIFICATION NUMBER
Classification number 881
245 ## - TITLE STATEMENT
Title Carry Your Little Flute
Statement of responsibility, etc edited by Meena Chakravorty [and] Marcus Bussey
260 ## - PUBLICATION, DISTRIBUTION, ETC. (IMPRINT)
Place of publication, distribution, etc Kolkata
Name of publisher, distributor, etc Writers Workshop
Date of publication, distribution, etc 2019
270 ## - ADDRESS
Address C-532,Lake Garden
City Kolkata
Postal code 700045
300 ## - PHYSICAL DESCRIPTION
Extent 70p.
Dimensions 22(Hb)
710 ## - ADDED ENTRY--CORPORATE NAME
Corporate name or jurisdiction name as entry element Chakravorty,Meera[Editor]
9 (RLIN) 64138
710 ## - ADDED ENTRY--CORPORATE NAME
Corporate name or jurisdiction name as entry element Bussey,Marcus[Editor]
9 (RLIN) 64139
942 ## - ADDED ENTRY ELEMENTS (KOHA)
Item type English Books
Classification part 881
Source of classification or shelving scheme Dewey Decimal Classification
Call number suffix CAR
Holdings
Withdrawn status Lost status Not for loan Collection code Home library Current library Date acquired Source of acquisition Cost, normal purchase price Full call number Barcode Copy number Cost, replacement price Koha item type
      Non-fiction Bawana Bawana 02/04/2024 DBAD 250.00 881 CAR EN-123537 1 250.00 English Books

© Delhi Public Library
Hit Counter
free hit counter